Juventus FC Squad 2017-2018 - Statistics

General Stats
  • This quiz has been taken 55 times
  • The average score is 21 of 26
Answer Stats
# Position Nation Player % Correct
10 FW Argentina Paulo Dybala
100%
7 FW Colombia Juan Cuadrado
98%
5 MF Bosnia and Herzegovina Miralem Pjanić
98%
1 GK Italy Gianluigi Buffon
96%
17 FW Croatia Mario Mandžukić
96%
6 MF Germany Sami Khedira
96%
3 DF Italy Giorgio Chiellini
93%
9 FW Argentina Gonzalo Higuaín
91%
- Coach Italy Massimiliano Allegri
91%
4 DF Morocco Medhi Benatia
91%
23 GK Poland Wojciech Szczęsny
91%
12 DF Brazil Alex Sandro
89%
14 MF France Blaise Matuidi
87%
11 FW Brazil Douglas Costa
87%
30 MF Uruguay Rodrigo Bentancur
87%
26 DF Switzerland Stephan Lichtsteiner
84%
8 MF Italy Claudio Marchisio
80%
22 DF Ghana Kwadwo Asamoah
80%
15 DF Italy Andrea Barzagli
76%
2 DF Italy Mattia De Sciglio
71%
24 DF Italy Daniele Rugani
67%
16 GK Italy Carlo Pinsoglio
64%
33 FW Italy Federico Bernardeschi
62%
20 FW Croatia Marko Pjaca
53%
21 DF Germany Benedikt Höwedes
49%
27 MF Italy Stefano Sturaro
44%
No matching quizzes found
Score Distribution
Percent of People with Each Score
Percentile by Number Answered
Your Score History
You have not taken this quiz